Závrať /

Hlavní autor: Šestakov, Pavel Aleksandrovič, 1932-2000
Jazyk: Čeština
Vydáno: Praha : Lidové nakladatelství, 1978
Vydání: 2. vyd.
Edice: Lidová knihovna (Lidové nakladatelství)
Externí odkaz: Digitalizovaný dokument
Fyzický popis: 198 s. ; 19 cm
Knihy
Uloženo v:
LEADER 01066nam a22003012a 4500
001 000902503
003 CZ BrMZK
005 20130919143522.0
007 ta
008 080626s1978 xr er 000 0 cze d
015 |a cnb000414694 
040 |a ABA001  |b cze  |c CBA001  |d ABA001  |d BOA001 
041 1 |a cze  |h rus 
080 9 |a 882-312.4 
100 1 |a Šestakov, Pavel Aleksandrovič,  |d 1932-2000  |7 jx20050615056  |4 aut 
245 1 0 |a Závrať /  |c Pavel Šestakov ; [přeložil Jaroslav Piskáček] 
250 |a 2. vyd. 
260 |a Praha :  |b Lidové nakladatelství,  |c 1978 
300 |a 198 s. ;  |c 19 cm 
490 1 |a Lidová knihovna ;  |v sv. 60 
500 |a Přeloženo z ruštiny 
765 0 |t Strach vysoty  |9 Česky 
830 0 |a Lidová knihovna (Lidové nakladatelství)  |0 s 
856 4 1 |u http://www.digitalniknihovna.cz/mzk/uuid/uuid:35550460-21dd-11e3-a5bb-005056827e52  |y Digitalizovaný dokument  |x NDK 
910 |a BOA001  |b 1-0787.353 
990 |a BK 
991 |b 200806 
996 6 |b 2619542243  |c 1-0787.353  |l MZK  |r Sklad / do 1 hodiny  |n 0  |w 001066652  |u 000010  |a 1  |e BOA001  |j MZK50  |s P